000 01037nam a2200289 4500
003 BOFEUTO
005 20260512111526.0
008 260504t2025 bo a gr 001 | spa d
040 _6BOFEUTO
_aBOFEUTO
_cBOFEUTO
041 _aspa
044 _abo
082 _aTE6282
_bC334p
100 _aCastillo Bustos, Sandra Virginia
_eautor
245 _aPlan estratégico de Marketing para el posicionamiento de SEGA S.R.L. /
_cSandra Virginia Castillo Bustos, Cesar Choque García
260 _aOruro :
_bs/n,
_c2025.
300 _a98 hojas ;
_btabl., fig. ;
_c38.5 cm.
500 _aIncluye bibliografía, anexos.
502 _aTesis Dirigida, (Licenciatura) -- Universidad Técnica de Oruro, Facultad de Ciencias Económicas, Financieras y Administrativas, Carrera Administración de Empresas, 2025.
650 _aAdministración
653 _aMarketing
653 _aMarketing de servicios
653 _aProducción
653 _aFinanzas
700 _aChoque García, Cesar
_etutor
942 _2ddc
_cTE
_n0
942 _n0
_2ddc
999 _c16137
_d16137